| 000 | 00368nam a22001457a 4500 | ||
|---|---|---|---|
| 999 |
_c111597 _d111597 |
||
| 005 | 20190322113300.0 | ||
| 008 | 190322b ||||| |||| 00| 0 eng d | ||
| 020 | _a0316729922 | ||
| 040 | _cPK-LaUMT | ||
| 082 |
_a153 _bMIN- |
||
| 245 |
_aThe mindgum : _bmake your mind up / |
||
| 260 |
_aGreat Britain : _bTime Warner Books, _c2005 |
||
| 300 | _a308 p. | ||
| 942 | _cBK | ||